| 000 | 01130cam a22003257a 4500 | ||
|---|---|---|---|
| 003 | CHAP | ||
| 005 | 20220329141633.0 | ||
| 008 | 971013s1982 r 00010 d | ||
| 010 | _a71444 | ||
| 011 | _a72416 | ||
| 035 | _a81971 | ||
| 040 | _cCHAP | ||
| 090 | _aTesis | ||
| 100 | 0 | 0 |
_aGallegos Gallegos, Patricio Desiderio. _944401 |
| 245 | 0 | _aAnálisis de acción conjunta de insecticidas en el mosquito Culex quinquefasciatus Say (Diptera: Culicidae) | |
| 260 |
_aChapingo, Méx. : _bEl autor, _c1982 |
||
| 300 |
_a74 h. _b: gráfs. |
||
| 502 | _aTesis (M.C. Esp. en Entomología) -- CP. Colegio de Postgraduados. Maestro en Ciencias | ||
| 590 |
_aALEPH _b10 _c20130110 _lUCH01 _h1411 |
||
| 590 |
_aBATCH-UPD _b10 _c20130110 _lUCH01 _h0209 |
||
| 590 |
_aBATCH-UPD _b10 _c20130110 _lUCH01 _h1631 |
||
| 590 |
_aCONVERSION _b10 _c20130109 _lUCH01 _h1339 |
||
| 650 | 1 | 4 |
_aCulex quinquefasciatus. _930202 |
| 650 | 1 | 4 |
_aInsecticidas. _958855 |
| 650 | 1 | 4 |
_aInsectos _xResistencia a insecticidas. _958941 |
| 901 | _aBK | ||
| 942 | _cFOLL | ||
| 949 |
_bBC _cTES _d-35725 _eTS1 _i81971 _si |
||
| 949 |
_bBC _cTES _d-35726 _eTS2 _fc.2 _i81971 _si |
||
| 999 |
_c71444 _d71444 |
||